00496 2200205 4500001002100000008004100021035002000062245005600082100002000138250000600158260003200164300001100196084001400207082000800221650001300229990001200242990001200254990001200266990001200278INLIS000000000000658 ind  a0010-0424000634 aCatatan Masa Depan; Kota Di AngkasacSarrah Angliss aAngliss, Sarrah a1 aBandung :bPakar Rayac2007 a31 hlm a600 SAR c a600 aNonfiksi a0721686 a0721687 a0721688 a0721689